000 00548nam a22001937a 4500
003 OSt
005 20260609144659.0
008 260609b |||||||| |||| 00| 0 eng d
020 _a9781416609407
040 _cChuka University Library
050 _aLB 2806.15
_b.C8 2010
245 _aCurriculum 21:Essential Education for a Changing World
260 _aAlexandria
_bASCD
_c2010
300 _ax, 251P
650 _aCurriculum Planning
_911855
650 _aEducational Technology
_913421
700 _aJacobs Heidi
_927989
942 _2lcc
_cBK
_n0
999 _c23677
_d23677